[Event "GER-chT U16 Girls"]
[Site "Magdeburg"]
[Date "2023.12.28"]
[Round "4.8"]
[White "Dhanasekaran Meenambigai, Diya"]
[Black "Schwarzfischer, Julia"]
[Result "1/2-1/2"]
[WhiteElo "1369"]
[BlackElo "1438"]
[PlyCount "117"]
[EventDate "2023.12.26"]
[EventType "team-swiss"]
[EventRounds "7"]
[EventCountry "GER"]
[SourceTitle "CB03_2024"]
[SourceDate "2024.01.17"]
[SourceVersion "1"]
[SourceVersionDate "2024.01.17"]
[SourceQuality "1"]
[WhiteTeam "Solingen"]
[BlackTeam "Roding"]
[WhiteTeamCountry "GER"]
[BlackTeamCountry "GER"]

1. d4 d5 2. Nc3 e6 3. Bf4 c5 4. e3 a6 5. a4 Nc6 6. Nf3 Nf6 7. Be2 h6 8. h3 Qa5 9. 0-0 c4 10. Ne5 Qb6 11. Qc1 Bd7 12. Nxd7 Kxd7 13. Bf3 g5 14. Be5 Be7 15. e4 Nxd4 16. Qe3 Nxf3+ 17. Qxf3 Qd8 18. exd5 h5 19. dxe6+ Ke8 20. exf7+ Kxf7 21. Ne4 g4 22. Qf5 Rh6 23. Bf4 Rg6 24. Ng5+ Rxg5 25. Bxg5 gxh3 26. Bxf6 Bxf6 27. Qxh5+ Kg7 28. Qxh3 Qc7 29. Qg3+ Qxg3 30. fxg3 Bd4+ 31. Rf2 Rf8 32. Raf1 Kg6 33. g4 Kg5 34. g3 Kxg4 35. Kg2 Bxf2 36. Rxf2 Rc8 37. Rf7 b5 38. axb5 axb5 39. Rb7 Rc5 40. Rg7+ Kf5 41. Kf3 c3 42. b3 Ke6 43. Rh7 Rf5+ 44. Ke3 Kd5 45. g4 Rf8 46. Rh2 Kc5 47. g5 Kb4 48. g6 Rg8 49. Rg2 Ka3 50. Kd3 Kb2 51. Kd4 Rc8 52. g7 Rg8 53. b4 Rxg7 54. Rxg7 Kxc2 55. Rc7 Kb3 56. Kc5 Ka4 57. Kb6 Kxb4 58. Rxc3 Kxc3 59. Kxb5 1/2-1/2

[Event "GER-ch U14 Girls"]
[Site "Willingen"]
[Date "2023.06.03"]
[Round "9"]
[White "Schwarzfischer, Julia"]
[Black "Moldovan, Tatiana"]
[Result "1-0"]
[WhiteElo "1364"]
[BlackElo "1405"]
[PlyCount "211"]
[EventDate "2023.05.27"]
[EventType "swiss"]
[EventRounds "9"]
[EventCountry "GER"]
[SourceTitle "CBM 214 Extra"]
[Source "ChessBase"]
[SourceDate "2023.07.31"]
[SourceVersion "1"]
[SourceVersionDate "2023.07.31"]
[SourceQuality "1"]

1. e4 c5 2. Be2 Nc6 3. d3 d6 4. f4 g6 5. Nf3 Bg7 6. c3 Nf6 7. h3 e6 8. 0-0 0-0 9. Qe1 Ne8 10. Kh1 f5 11. Be3 b6 12. Nbd2 Rb8 13. Rb1 Qc7 14. Rg1 Nf6 15. Qh4 Ba6 16. Ng5 Qd7 17. Rbe1 Rfe8 18. Qg3 Qc7 19. Qh4 Qd7 20. Qg3 Qc7 21. Rc1 h6 22. Ngf3 fxe4 23. Nh4 exd3 24. Bf3 Ne7 25. Nxg6 Nxg6 26. Qxg6 Qf7 27. Qg3 d5 28. Rge1 Kf8 29. Qh4 Ke7 30. f5 Kd7 31. fxe6+ Rxe6 32. Qa4+ b5 33. Qf4 Qe8 34. Nb3 Bf8 35. Qf5 Kc6 36. Qxd3 Rd8 37. Na5+ Kb6 38. b4 Kc7 39. Re2 Ne4 40. Bf4+ Bd6 41. Bxd6+ Rdxd6 42. Bxe4 dxe4 43. Qe3 Rd5 44. Nb3 cxb4 45. Qxa7+ Bb7 46. cxb4+ Rc6 47. Nc5 Rdxc5 48. Rxc5 Rxc5 49. Qxc5+ Bc6 50. Qa7+ Kd6 51. Qd4+ Bd5 52. Qf6+ Qe6 53. Qxe6+ Kxe6 54. Kh2 Ke5 55. Kg3 Kf5 56. Rf2+ Kg5 57. h4+ Kg6 58. Kf4 Kh5 59. g4+ Kg6 60. Ke5 Bc4 61. Kxe4 Be6 62. Rf4 Bxa2 63. Ke5 Bb3 64. Rf6+ Kg7 65. g5 hxg5 66. hxg5 Bc4 67. Kd4 Kh7 68. Kc5 Kg7 69. Rb6 Bd3 70. Rxb5 Kg6 71. Rb6+ Kxg5 72. Rd6 Be2 73. b5 Bxb5 74. Kxb5 Kf5 75. Kc5 Ke5 76. Rd1 Ke4 77. Rd5 Ke3 78. Rd7 Ke4 79. Rd8 Ke3 80. Kc4 Ke2 81. Kc3 Ke1 82. Kc2 Ke2 83. Re8+ Kf3 84. Kd3 Kf4 85. Kd4 Kf5 86. Re1 Kf6 87. Kd5 Kf7 88. Kd6 Kf8 89. Kd7 Kg7 90. Ke7 Kg6 91. Ke6 Kg5 92. Ke5 Kg4 93. Ke4 Kg3 94. Rf1 Kg2 95. Rf8 Kg3 96. Rf7 Kg2 97. Ke3 Kg1 98. Ke2 Kg2 99. Rg7+ Kh3 100. Kf3 Kh4 101. Rg1 Kh5 102. Kf4 Kh6 103. Kf5 Kh7 104. Kf6 Kh8 105. Kf7 Kh7 106. Rh1# 1-0

[Event "GER-ch U14 Girls"]
[Site "Willingen"]
[Date "2023.05.31"]
[Round "5"]
[White "Mueller, Cosima"]
[Black "Schwarzfischer, Julia"]
[Result "1/2-1/2"]
[WhiteElo "1521"]
[BlackElo "1364"]
[PlyCount "133"]
[EventDate "2023.05.27"]
[EventType "swiss"]
[EventRounds "9"]
[EventCountry "GER"]
[SourceTitle "CBM 214 Extra"]
[Source "ChessBase"]
[SourceDate "2023.07.31"]
[SourceVersion "1"]
[SourceVersionDate "2023.07.31"]
[SourceQuality "1"]

1. e4 c5 2. Nf3 Nc6 3. d4 cxd4 4. Nxd4 Nf6 5. Nxc6 bxc6 6. e5 Nd5 7. c4 Nb6 8. Nc3 e6 9. Be3 Qc7 10. f4 Ba6 11. b3 Bb4 12. Qc2 Nc8 13. Bd3 d6 14. exd6 Nxd6 15. 0-0 Rc8 16. a3 Bxc3 17. Qxc3 f6 18. b4 Nf7 19. Bc5 Nd6 20. Rae1 Kf7 21. Rd1 Rcd8 22. Kh1 h5 23. Bxd6 Rxd6 24. f5 e5 25. c5 Rxd3 26. Rxd3 Bxd3 27. Qxd3 Qd8 28. Qb3+ Qd5 29. Qa4 Qd7 30. Qc2 Rd8 31. Qe2 Qd3 32. Qxh5+ Kg8 33. Ra1 e4 34. h3 e3 35. Re1 Qxa3 36. Qf3 Qxb4 37. Qxe3 Qd4 38. Qe6+ Kh7 39. Qxc6 Qf2 40. Rc1 Qxf5 41. Qa4 Qg5 42. Qc2+ Kh6 43. Rg1 a5 44. c6 Qe5 45. c7 Rc8 46. Rc1 a4 47. Qd2+ Qg5 48. Qb2 Qf4 49. Qc3 Kh5 50. Qc5+ g5 51. Qc2 Kh6 52. Qc5 Qe5 53. Qa7 Qb2 54. Rc5 Qf2 55. Qb7 g4 56. Rc1 gxh3 57. gxh3 Qe3 58. Qxc8 Qxc1+ 59. Kg2 Qg5+ 60. Kf3 Qd5+ 61. Kg3 Qe5+ 62. Kf3 Qc3+ 63. Kg2 Qd2+ 64. Kf3 Qd3+ 65. Kf2 Qd2+ 66. Kf3 Qd1+ 67. Kf2 1/2-1/2

[Event "GER-ch U14 Girls"]
[Site "Willingen"]
[Date "2023.05.28"]
[Round "2"]
[White "Chandrasekher, Ritu"]
[Black "Schwarzfischer, Julia"]
[Result "0-1"]
[WhiteElo "1268"]
[BlackElo "1364"]
[PlyCount "114"]
[EventDate "2023.05.27"]
[EventType "swiss"]
[EventRounds "9"]
[EventCountry "GER"]
[SourceTitle "CBM 214 Extra"]
[Source "ChessBase"]
[SourceDate "2023.07.31"]
[SourceVersion "1"]
[SourceVersionDate "2023.07.31"]
[SourceQuality "1"]

1. d4 d5 2. Bf4 Nf6 3. e3 e6 4. Nd2 a6 5. c3 Be7 6. Bd3 h6 7. Ngf3 Nbd7 8. Qe2 c5 9. 0-0 c4 10. Bc2 Nh5 11. Ne5 Nxf4 12. exf4 Nxe5 13. fxe5 b5 14. a3 Ra7 15. f4 Kd7 16. b3 Qa5 17. b4 Qb6 18. f5 Kd8 19. Qf3 Bg5 20. Rad1 a5 21. fxe6 Bxe6 22. Bf5 axb4 23. axb4 Ke7 24. Bxe6 Qxe6 25. Qe2 Ra2 26. Qf2 Rc2 27. h4 Bxd2 28. Rxd2 Rxc3 29. Ra2 Rd8 30. Ra7+ Rd7 31. Rxd7+ Kxd7 32. Qa2 Rd3 33. Qa7+ Ke8 34. Qb8+ Ke7 35. Qc7+ Kf8 36. Qb8+ Qe8 37. Qd6+ Kg8 38. Qxd5 Qe6 39. Qe4 Qe7 40. Ra1 g6 41. Ra8+ Kg7 42. Qf4 c3 43. Qf2 Rd2 44. Qf4 Rd1+ 45. Kh2 c2 46. Rc8 c1Q 47. Rxc1 Rxc1 48. Qxc1 Qxh4+ 49. Kg1 Qxd4+ 50. Kh1 Qxb4 51. Qf1 Qh4+ 52. Kg1 Qd4+ 53. Kh1 Qxe5 54. Qb1 Qh5+ 55. Kg1 Qc5+ 56. Kh1 b4 57. Qb2+ Qc3 0-1

[Event "GER-chT U20 Girls"]
[Site "Kiel"]
[Date "2022.07.26"]
[Round "7.3"]
[White "Schwarzfischer, Julia"]
[Black "Hoffmann, Sophia"]
[Result "0-1"]
[WhiteElo "1314"]
[BlackElo "1214"]
[PlyCount "74"]
[EventDate "2022.07.22"]
[EventType "team-swiss"]
[EventRounds "7"]
[EventCountry "GER"]
[SourceTitle "CBM 209 Extra"]
[Source "ChessBase"]
[SourceDate "2022.09.30"]
[SourceVersion "1"]
[SourceVersionDate "2022.09.30"]
[SourceQuality "1"]
[WhiteTeam "Kelheim"]
[BlackTeam "Karlsruhe SF"]
[WhiteTeamCountry "GER"]
[BlackTeamCountry "GER"]

1. e4 e5 2. Nf3 Nc6 3. Bc4 Bc5 4. c3 Nf6 5. d3 a5 6. Nbd2 d6 7. Nf1 Ba7 8. Ng3 Be6 9. Bb5 h6 10. h3 0-0 11. 0-0 Nh7 12. d4 Ne7 13. dxe5 dxe5 14. Nxe5 c6 15. Ba4 Qc7 16. Nf3 Qxg3 17. Ne1 Qg6 18. Bc2 Bxh3 19. Qf3 Bg4 20. e5 Bxf3 21. Bxg6 Be2 22. Bxh7+ Kxh7 23. b3 Bxf1 24. Kxf1 Ng6 25. f4 Rae8 26. c4 f6 27. exf6 Rxf6 28. g3 Rd6 29. Bb2 Rd2 30. Bc3 Rf2+ 31. Kg1 Rc2+ 32. Kh1 Rxc3 33. f5 Nh4 34. gxh4 Re2 35. c5 Bxc5 36. Nd3 Rxd3 37. a4 Rh3# 0-1

[Event "GER-chT U20 Girls"]
[Site "Kiel"]
[Date "2022.07.25"]
[Round "6.4"]
[White "Rempe, Mieke"]
[Black "Schwarzfischer, Julia"]
[Result "1-0"]
[WhiteElo "1646"]
[BlackElo "1314"]
[PlyCount "103"]
[EventDate "2022.07.22"]
[EventType "team-swiss"]
[EventRounds "7"]
[EventCountry "GER"]
[SourceTitle "CBM 209 Extra"]
[Source "ChessBase"]
[SourceDate "2022.09.30"]
[SourceVersion "1"]
[SourceVersionDate "2022.09.30"]
[SourceQuality "1"]
[WhiteTeam "Kiel Doppelbauer"]
[BlackTeam "Kelheim"]
[WhiteTeamCountry "GER"]
[BlackTeamCountry "GER"]

1. e4 e5 2. Nf3 Nc6 3. Bb5 a6 4. Ba4 b5 5. Bb3 Na5 6. 0-0 d6 7. d4 Nxb3 8. axb3 exd4 9. Qxd4 Bb7 10. Nc3 Nf6 11. Bg5 Be7 12. Nd5 Nxd5 13. Qxg7 Bf6 14. Qxh8+ Bxh8 15. Bxd8 Kxd8 16. exd5 Bxd5 17. Rab1 Kd7 18. Rfe1 Rg8 19. Kf1 Rg6 20. Re3 f5 21. g3 f4 22. gxf4 Rf6 23. Rd1 c6 24. Rde1 Rh6 25. Re7+ Kc8 26. Re8+ Kb7 27. R1e7+ Kb6 28. Rxh8 Bxf3 29. Rhxh7 Rf6 30. h4 Rxf4 31. Rhf7 Rxf7 32. Rxf7 Be4 33. c3 Bb1 34. h5 Ba2 35. Rd7 Bxb3 36. h6 Bc4+ 37. Kg1 Bd3 38. Rxd6 Bb1 39. Rd7 a5 40. h7 Bxh7 41. Rxh7 b4 42. cxb4 axb4 43. f4 Kb5 44. f5 c5 45. f6 c4 46. f7 c3 47. bxc3 bxc3 48. f8Q c2 49. Rc7 Ka4 50. Qa8+ Kb3 51. Qb8+ Ka2 52. Ra7# 1-0

[Event "GER-chT U20 Girls"]
[Site "Kiel"]
[Date "2022.07.24"]
[Round "3.3"]
[White "Tabakh, Najat"]
[Black "Schwarzfischer, Julia"]
[Result "1-0"]
[WhiteElo "1313"]
[BlackElo "1314"]
[PlyCount "131"]
[EventDate "2022.07.22"]
[EventType "team-swiss"]
[EventRounds "7"]
[EventCountry "GER"]
[SourceTitle "CBM 209 Extra"]
[Source "ChessBase"]
[SourceDate "2022.09.30"]
[SourceVersion "1"]
[SourceVersionDate "2022.09.30"]
[SourceQuality "1"]
[WhiteTeam "Bad Oldesloe"]
[BlackTeam "Kelheim"]
[WhiteTeamCountry "GER"]
[BlackTeamCountry "GER"]

1. e4 e5 2. Nf3 Nc6 3. c3 Nf6 4. d4 exd4 5. e5 Qe7 6. cxd4 d6 7. Bf4 Bg4 8. Bb5 dxe5 9. Bxc6+ bxc6 10. Bxe5 Qe6 11. 0-0 Be7 12. Re1 0-0 13. Bxc7 Bxf3 14. Rxe6 Bxd1 15. Rxe7 Nd5 16. Re1 Nxc7 17. Rxd1 Rad8 18. Nc3 Rd7 19. Rd2 Re8 20. g3 Ne6 21. Rad1 Ng5 22. Kg2 Red8 23. h4 Ne6 24. d5 Nc7 25. d6 Ne8 26. Ne4 f5 27. Nc5 Rxd6 28. Rxd6 Rxd6 29. Rxd6 Nxd6 30. Ne6 g6 31. Nd4 c5 32. Nc6 a6 33. b3 Kf7 34. Ne5+ Ke6 35. Nf3 Ne4 36. Ne1 Nc3 37. Nd3 Kd6 38. Nc1 Kd5 39. Kf3 a5 40. Kf4 h6 41. h5 gxh5 42. Kxf5 c4 43. Kg6 cxb3 44. axb3 Ke4 45. Kxh5 Nd5 46. f4 Kf5 47. Kxh6 Nf6 48. Ne2 Ne4 49. Nd4+ Kf6 50. g4 Kf7 51. g5 Kg8 52. f5 Nd6 53. Kg6 Ne4 54. Nc6 Nc5 55. Nxa5 Kh8 56. Kf7 Ne4 57. g6 Nd6+ 58. Kf6 Ne4+ 59. Ke5 Nc5 60. f6 Nd7+ 61. Ke6 Nc5+ 62. Kf7 Ne6 63. g7+ Nxg7 64. fxg7+ Kh7 65. g8Q+ Kh6 66. Qg6# 1-0

[Event "GER-ch U12 Girls"]
[Site "Willingen"]
[Date "2022.06.11"]
[Round "9"]
[White "Vogt, Luna"]
[Black "Schwarzfischer, Julia"]
[Result "0-1"]
[WhiteElo "1334"]
[BlackElo "1368"]
[PlyCount "78"]
[EventDate "2022.06.04"]
[EventType "swiss"]
[EventRounds "9"]
[EventCountry "GER"]
[SourceTitle "CBM 208 Extra"]
[Source "ChessBase"]
[SourceDate "2022.07.31"]
[SourceVersion "1"]
[SourceVersionDate "2022.07.31"]
[SourceQuality "1"]

1. e4 e5 2. Nf3 Nc6 3. Bc4 Bc5 4. c3 Nf6 5. d4 exd4 6. e5 Qe7 7. 0-0 Nh5 8. cxd4 Bb4 9. g4 d6 10. a3 Ba5 11. b4 Bb6 12. gxh5 Bg4 13. exd6 Qxd6 14. Re1+ Ne7 15. Bb2 0-0-0 16. Be2 Bxh5 17. Ne5 Bxe2 18. Rxe2 Nf5 19. Nf3 g5 20. Nc3 Rhg8 21. Ne4 Qg6 22. Qd2 Nh4 23. Re3 Qxe4 24. Nxh4 gxh4+ 25. Kf1 Qh1+ 26. Ke2 Qxh2 27. Kd1 Rg2 28. Re2 Bxd4 29. Bxd4 Rg1+ 30. Re1 Rxe1+ 31. Qxe1 Rxd4+ 32. Kc2 Qd6 33. Qe8+ Qd8 34. Qxf7 Rd2+ 35. Kc1 Rd1+ 36. Kb2 Qd2+ 37. Kb3 Qd3+ 38. Kb2 Rd2+ 39. Kc1 Qc2# 0-1

[Event "GER-ch U12 Girls"]
[Site "Willingen"]
[Date "2022.06.10"]
[Round "8"]
[White "Schwarzfischer, Julia"]
[Black "Hoffmann, Svenja"]
[Result "1-0"]
[WhiteElo "1368"]
[BlackElo "1284"]
[PlyCount "139"]
[EventDate "2022.06.04"]
[EventType "swiss"]
[EventRounds "9"]
[EventCountry "GER"]
[SourceTitle "CBM 208 Extra"]
[Source "ChessBase"]
[SourceDate "2022.07.31"]
[SourceVersion "1"]
[SourceVersionDate "2022.07.31"]
[SourceQuality "1"]

1. e4 c5 2. d3 d6 3. g3 g6 4. f4 e6 5. Nf3 Ne7 6. Bg2 Bg7 7. c3 Nbc6 8. Be3 b6 9. Nbd2 0-0 10. a3 Bb7 11. 0-0 Qc7 12. Qc2 Rad8 13. Rac1 Qd7 14. b4 f5 15. b5 Na5 16. c4 d5 17. e5 dxc4 18. dxc4 Qd3 19. Rfe1 Qxa3 20. Ra1 Qd3 21. Qxd3 Rxd3 22. Bxc5 Re8 23. Bd6 Nc8 24. Ra3 Rxa3 25. Bxa3 Bf8 26. Bxf8 Kxf8 27. Ng5 Bxg2 28. Kxg2 Kg7 29. Rc1 h6 30. Ngf3 Re7 31. Nd4 Rd7 32. N2f3 Kf7 33. c5 Rc7 34. c6 Ne7 35. Nd2 Nd5 36. Kg1 g5 37. fxg5 hxg5 38. N2f3 g4 39. Ng5+ Ke7 40. Ngxe6 Rc8 41. c7 Nb3 42. Nxb3 Kxe6 43. Nd4+ Kxe5 44. Nc6+ Kd6 45. Nxa7 Rxc7 46. Nc6 Nb4 47. Rd1+ Kc5 48. Rc1+ Kd6 49. Rd1+ Kc5 50. Nd4 Nd5 51. Ne6+ Kxb5 52. Rxd5+ Rc5 53. Nxc5 bxc5 54. Rxf5 Kb4 55. Rf4+ Kb3 56. Rxg4 c4 57. Rf4 c3 58. Rf1 c2 59. h4 Kb2 60. h5 c1Q 61. Rxc1 Kxc1 62. h6 Kd2 63. h7 Ke3 64. h8Q Kf3 65. Qd4 Kxg3 66. Qf6 Kg4 67. Kf2 Kh5 68. Qg7 Kh4 69. Qg6 Kh3 70. Qg3# 1-0

[Event "GER-ch U12 Girls"]
[Site "Willingen"]
[Date "2022.06.09"]
[Round "7"]
[White "Zhou, Jenny"]
[Black "Schwarzfischer, Julia"]
[Result "0-1"]
[WhiteElo "1272"]
[BlackElo "1368"]
[PlyCount "102"]
[EventDate "2022.06.04"]
[EventType "swiss"]
[EventRounds "9"]
[EventCountry "GER"]
[SourceTitle "CBM 208 Extra"]
[Source "ChessBase"]
[SourceDate "2022.07.31"]
[SourceVersion "1"]
[SourceVersionDate "2022.07.31"]
[SourceQuality "1"]

1. e4 e5 2. Nf3 Nc6 3. Bc4 Bc5 4. c3 Nf6 5. d4 exd4 6. e5 Qe7 7. 0-0 Ng4 8. cxd4 Bb4 9. a3 Ba5 10. b4 Bb6 11. h3 Nxf2 12. Rxf2 d6 13. exd6 Qxd6 14. Re2+ Be6 15. Bxe6 fxe6 16. Be3 0-0-0 17. Kh1 e5 18. d5 e4 19. Ng5 Qf6 20. Nd2 Bxe3 21. Ngxe4 Qf4 22. dxc6 Rhe8 23. cxb7+ Kb8 24. g3 Qh6 25. Qe1 Bxd2 26. Rxd2 Rxd2 27. Qxd2 Qxh3+ 28. Kg1 Qg4 29. Nf2 Qxg3+ 30. Kf1 Rf8 31. Ra2 h5 32. Rc2 h4 33. Qe2 h3 34. Qe4 h2 35. Qh1 Qd3+ 36. Ke1 Re8+ 37. Ne4 Rxe4+ 38. Kf2 Qxc2+ 39. Kg3 Qd3+ 40. Kxh2 Re2+ 41. Qg2 Rxg2+ 42. Kxg2 Kxb7 43. a4 Kc6 44. b5+ Kd5 45. a5 Ke4 46. b6 cxb6 47. axb6 axb6 48. Kf2 Kf4 49. Ke1 Qc2 50. Kf1 Kf3 51. Kg1 Qg2# 0-1

[Event "GER-ch U12 Girls"]
[Site "Willingen"]
[Date "2022.06.08"]
[Round "5"]
[White "Chandrasekher, Ritu"]
[Black "Schwarzfischer, Julia"]
[Result "1-0"]
[WhiteElo "1312"]
[BlackElo "1368"]
[PlyCount "93"]
[EventDate "2022.06.04"]
[EventType "swiss"]
[EventRounds "9"]
[EventCountry "GER"]
[SourceTitle "CBM 208 Extra"]
[Source "ChessBase"]
[SourceDate "2022.07.31"]
[SourceVersion "1"]
[SourceVersionDate "2022.07.31"]
[SourceQuality "1"]

1. e4 e5 2. Nf3 Nc6 3. Bc4 Bc5 4. 0-0 Nf6 5. d3 d6 6. c3 a6 7. Bb3 Ba7 8. Nbd2 b5 9. Re1 Ne7 10. Nf1 Ng6 11. Ng3 Ng4 12. Be3 Nxe3 13. fxe3 Bg4 14. d4 Nh4 15. Rf1 Nxf3+ 16. gxf3 Bh3 17. Rf2 h5 18. f4 c5 19. fxe5 c4 20. Bc2 dxe5 21. Qf3 Qd7 22. dxe5 Bg4 23. Qf4 Bb8 24. a4 f6 25. Rff1 Bh3 26. Rfd1 Qf7 27. Qf2 Bxe5 28. axb5 Qg6 29. Kh1 0-0 30. Rg1 Qh6 31. Nf5 Bxf5 32. Qxf5 axb5 33. Rad1 Ra2 34. Rd7 g5 35. h4 g4 36. Rb1 Kh8 37. Rb7 Ra5 38. Rd1 Rg8 39. Rdd7 Ra1+ 40. Kg2 Rg1+ 41. Kxg1 Qxe3+ 42. Kf1 Qh3+ 43. Ke2 Qh2+ 44. Qf2 Qxf2+ 45. Kxf2 Rb8 46. Rxb8+ Bxb8 47. Rd8+ 1-0

[Event "GER-ch U12 Girls"]
[Site "Willingen"]
[Date "2022.06.08"]
[Round "6"]
[White "Schwarzfischer, Julia"]
[Black "Kopylov, Diana"]
[Result "1-0"]
[WhiteElo "1368"]
[BlackElo "1110"]
[PlyCount "87"]
[EventDate "2022.06.04"]
[EventType "swiss"]
[EventRounds "9"]
[EventCountry "GER"]
[SourceTitle "CBM 208 Extra"]
[Source "ChessBase"]
[SourceDate "2022.07.31"]
[SourceVersion "1"]
[SourceVersionDate "2022.07.31"]
[SourceQuality "1"]

1. e4 c5 2. g3 d5 3. e5 Nc6 4. f4 Bf5 5. d3 f6 6. g4 Bd7 7. exf6 exf6 8. Bg2 d4 9. Nd2 Bd6 10. Ne4 Qc7 11. Qe2 Nge7 12. h3 0-0-0 13. Bd2 Rde8 14. Qf3 f5 15. Nxd6+ Qxd6 16. 0-0-0 Rhf8 17. Ne2 fxg4 18. hxg4 h6 19. f5 g5 20. Rde1 Rf6 21. Ng3 Qc7 22. Ne4 Ne5 23. Qg3 Ra6 24. a3 Bb5 25. Nxc5 Nxd3+ 26. Kb1 Qxg3 27. Bxb7+ Kb8 28. cxd3 Bxd3+ 29. Ka1 Rb6 30. f6 Rxb7 31. Nxb7 Qc7 32. Na5 Bg6 33. Rxh6 Bf7 34. Rh7 Qd8 35. Rxf7 Ka8 36. fxe7 Qd6 37. Bb4 Qd7 38. Rf8 d3 39. Ref1 Kb8 40. Rxe8+ Kc7 41. Rc1+ Kb6 42. Rb8+ Ka6 43. e8Q d2 44. Rc6+ 1-0

[Event "GER-ch U12 Girls"]
[Site "Willingen"]
[Date "2022.06.05"]
[Round "2"]
[White "Schwarzfischer, Julia"]
[Black "Tuerel, Tugce"]
[Result "1-0"]
[WhiteElo "1368"]
[BlackElo "1312"]
[PlyCount "43"]
[EventDate "2022.06.04"]
[EventType "swiss"]
[EventRounds "9"]
[EventCountry "GER"]
[SourceTitle "CBM 208 Extra"]
[Source "ChessBase"]
[SourceDate "2022.07.31"]
[SourceVersion "1"]
[SourceVersionDate "2022.07.31"]
[SourceQuality "1"]

1. e4 e5 2. Nf3 Nc6 3. Bc4 Bc5 4. c3 Nf6 5. d3 0-0 6. Nbd2 d6 7. Nf1 Nh5 8. Ng5 Nf4 9. Bxf4 exf4 10. Qh5 h6 11. Nxf7 Rxf7 12. Qxf7+ Kh8 13. d4 Bb6 14. Qxf4 Qe7 15. Ng3 Bd7 16. 0-0 Rf8 17. Qd2 Be8 18. Nf5 Qxe4 19. Nxh6 gxh6 20. Qxh6+ Qh7 21. Qxf8+ Qg8 22. Qxg8# 1-0